Entry Personal Name
Number of records used in: 1
001 - CONTROL NUMBER
003 - CONTROL NUMBER IDENTIFIER
005 - DATE AND TIME OF LATEST TRANSACTION
- control field:
20200106094239.0
008 - FIXED-LENGTH DATA ELEMENTS
- fixed length control field:
100716n| acannaabn |a aaa
010 ## - LIBRARY OF CONGRESS CONTROL NUMBER
- LC control number:
nb2010018495
035 ## - SYSTEM CONTROL NUMBER
- System control number:
(Uk)007857347
040 ## - CATALOGING SOURCE
- Original cataloging agency:
Uk
- Language of cataloging:
eng
- Transcribing agency:
Uk
100 1# - HEADING--PERSONAL NAME
- Personal name:
Minimol, M. C.
- Fuller form of name:
(Minibhavan Chandrasekharan),
- Dates associated with a name:
1978-
400 0# - SEE FROM TRACING--PERSONAL NAME
- Personal name:
Minibhavan Chandrasekharan Minimol,
- Dates associated with a name:
1978-
400 1# - SEE FROM TRACING--PERSONAL NAME
- Personal name:
Minimol, Minibhavan Chandrasekharan,
- Dates associated with a name:
1978-
670 ## - SOURCE DATA FOUND
- Source citation:
E-governance and rural self government, 2007:
- Information found:
t.p. (M.C. Minimol) jkt. (Ph.D.; lecturer, Dept. of Commerce, St. Joseph's Coll. for Women, Alappuzha)
670 ## - SOURCE DATA FOUND
- Source citation:
DK Agencies MARC record, 16 July 2010
- Information found:
(hdg.: Minimol, M.C. (Minibhavan Chandrasekharan), 1978-)